header

Graphics and graphic information-processing (Record no. 109874)

MARC details
000 -LEADER
fixed length control field 01452nam a2200349Ia 4500
082 04 - DEWEY DECIMAL CLASSIFICATION NUMBER
Classification number 001.4/226
100 1# - MAIN ENTRY--AUTHOR NAME
Personal name Bertin, Jacques,
245 10 - TITLE STATEMENT
Title Graphics and graphic information-processing
260 ## - PUBLICATION, DISTRIBUTION, ETC. (IMPRINT)
Place of publication Berlin ;
-- New York :
Name of publisher W. de Gruyter,
Year of publication 1981.
300 ## - PHYSICAL DESCRIPTION
Number of Pages 273 p. :
Other physical details ill. (some col.)
500 ## - GENERAL NOTE
General note Translation of La graphique et le traitement graphique de l'information.
650 #0 - SUBJECT ADDED ENTRY--TOPICAL TERM
Topical Term Graphic methods
Topical Term Graphic methods.
856 40 - ELECTRONIC LOCATION AND ACCESS
Uniform Resource Identifier http://site.ebrary.com/lib/rucke/Doc?id=10599315

No items available.

© 2026 Rongo University
Contact us: librarian | system librarian | Rongo university